La cooperativa búlgara : pasado y presente /
Guardado en:
| Autor Principal: | |
|---|---|
| Otros Autores: | |
| Formato: | Libro |
| Idioma: | Spanish |
| Publicado: |
Sofía :
Sofía Press,
1975.
|
| Materias: | |
| Etiquetas: |
Agregar Etiqueta
Sin Etiquetas, Sea el primero en etiquetar este registro!
|
| LEADER | 00653nam a2200181a 4500 | ||
|---|---|---|---|
| 001 | EAD.ead003501 | ||
| 008 | 080718s1975####bu############000#0#spa#d | ||
| 005 | 20130821110603.0 | ||
| 245 | 1 | 3 | |a La cooperativa búlgara : |b pasado y presente / |c Dimiter Paunovski, Kamen Kamenov. |
| 260 | |a Sofía : |b Sofía Press, |c 1975. | ||
| 300 | |a 206 p. ; |c 20 cm. | ||
| 500 | |a [Traducción de: The Bulgarian co-operative: past and present]. | ||
| 100 | 1 | |a Paunovski, Dimitur. | |
| 700 | 1 | |a Kamenov, Kamen. | |
| 082 | 0 | 4 | |a 334.094977 |a 21 |
| 650 | 7 | |a Cooperativismo. |2 isoc | |
| 651 | 7 | |a Bulgaria. |2 unbist | |
| 859 | |a AR-BaBDC |b BIB. ADMINISTRACION GABCOOP - Libros |h 334.094977 |i P285 |p g00080 | ||
